000 00908nam a22002657a 4500
003 OSt
005 20150408114143.0
008 120213s2013 mauab 001 0 eng c
020 _a9780321798541 (pbk.)
020 _a0321798546 (pbk.)
040 _aUkOxU
_beng
_cUkOxU
_dUK
082 _223
_a579
_bTGM
100 1 _aTortora, Gerard J.
_938025
245 1 0 _aMicrobiology : .
_ban introduction /
_cGerard J. Tortora, Berdell R. Funke, Christine L. Case
250 _a11th ed
260 _aBoston ;
_aLondon :
_bPearson,
_c2013.
300 _a p. in various pagings : .
_bill. (chiefly col.), maps ;
_c28 cm
500 _aPrevious ed.: San Francisco, Calif. : Benjamin Cummings, 2010.
500 _a "International edition"--Cover.
500 _aIncludes index.
650 _aMicrobiology.
700 1 _aFunke, Berdell R.
_938026
700 1 _aCase, Christine L.,
_d1948-
_919456
942 _2ddc
_cBOOK
999 _c31319
_d265819